Tulsian business mathematics, logical reasoning and statistics for paper 3; CA foundation course / (Record no. 166074)

MARC details
000 -LEADER
fixed length control field 00699nam a22001937a 4500
005 - DATE AND TIME OF LATEST TRANSACTION
control field 20190712120423.0
010 ## - LCCN (DPL NO)
LC control number ENG-125887
020 ## - INTERNATIONAL STANDARD BOOK NUMBER
International Standard Book Number 9789353166885
Terms of availability 850.00
035 ## - SYSTEM CONTROL NUMBER
System control number EN-109419
037 ## - SOURCE OF ACQUISITION
Source of stock number/acquisition DBAD/PUB
082 ## - DEWEY DECIMAL CLASSIFICATION NUMBER
Classification number 513.93
100 ## - MAIN ENTRY--PERSONAL NAME
Personal name Tulsian, PC
245 ## - TITLE STATEMENT
Title Tulsian business mathematics, logical reasoning and statistics for paper 3; CA foundation course /
Statement of responsibility, etc by PC Tulsian [and] Bharat Tulsian
260 ## - PUBLICATION, DISTRIBUTION, ETC. (IMPRINT)
Place of publication, distribution, etc Chennai
Name of publisher, distributor, etc MC Graw-Hill Education
Date of publication, distribution, etc 2019
270 ## - ADDRESS
Address 444/1, Sri Ekambara Naicker Industrial Estate, Alapakkam, Porur
City Tamil Nadu, Chennai
Postal code 600116
300 ## - PHYSICAL DESCRIPTION
Extent various paging
Dimensions 23cm(pbk)
700 ## - ADDED ENTRY--PERSONAL NAME
Personal name Tulsian, Bharat
942 ## - ADDED ENTRY ELEMENTS (KOHA)
Source of classification or shelving scheme Dewey Decimal Classification
Item type English Books
Classification part 513.93
Call number suffix TUL
Holdings
Withdrawn status Lost status Not for loan Collection code Home library Current library Date acquired Source of acquisition Cost, normal purchase price Full call number Barcode Copy number Cost, replacement price Koha item type
      Non-fiction Bawana Bawana 12/07/2019 DBAD/PUB 850.00 513.93 TUL EN-109419 1 850.00 English Books

© Delhi Public Library
Hit Counter
free hit counter